Vista normal Vista MARC

Entrada Materia (personas)

Número de registros utilizados en: 1

001 - CONTROL NUMBER

  • control field: 61310

003 - CONTROL NUMBER IDENTIFIER

  • control field: Co-BoUCM

005 - DATE AND TIME OF LATEST TRANSACTION

  • control field: 20140519140918.0

008 - FIXED-LENGTH DATA ELEMENTS

  • fixed length control field: 140519|| aca||aabn | a|a d

040 ## - CATALOGING SOURCE

  • Original cataloging agency: Co-BoUCM
  • Transcribing agency: Co-BoUCM

100 ## - HEADING--PERSONAL NAME

  • Personal name: Dantoine, Jean Baptiste,
  • Dates associated with a name: active 1693-1720?‏

670 ## - SOURCE DATA FOUND

  • Source citation: Work cat.: (Co-BoUCM)0: Gómez, Antonio, 1501- 61308, Variae resolutiones juris civilis, communis et regii, tomis tribus distinctae, quorum I. ultimarum voluntarum, II. contractuum, III. delictorum materias continet., 1701